| 000 | 00806nam a2200253Ia 4500 | ||
|---|---|---|---|
| 003 | OSt | ||
| 005 | 20220926004842.0 | ||
| 006 | a|||||r|||| 00| 0 | ||
| 007 | ta | ||
| 008 | 220923b |||||||| |||| 00| 0 eng d | ||
| 020 |
_a9781412933957 _c5516.4200000000001 |
||
| 037 |
_b64, 30/11/2010, Indu Book Services _cGeneral Book |
||
| 040 |
_aRTL _cRTL _beng |
||
| 041 |
_2eng _aeng |
||
| 082 | _aY9(W).5g, P9 | ||
| 100 |
_aRumford Chris _9309321 |
||
| 245 | 0 | _aSAGE HANDBOOK of European studies | |
| 260 |
_a New Delhi _bSage _c2009 |
||
| 300 |
_axv, 664p _ccm. |
||
| 500 | _aBibliography chapterwise | ||
| 650 |
_aEuropean Studies Programme Sociology _9233384 |
||
| 942 |
_hY9(W).5g, P9 _cGB _2CC |
||
| 999 |
_c612378 _d612378 |
||